<?xml version="1.0" encoding="UTF-8"?>
<record
    xmlns:xsi="http://www.w3.org/2001/XMLSchema-instance"
    xsi:schemaLocation="http://www.loc.gov/MARC21/slim http://www.loc.gov/standards/marcxml/schema/MARC21slim.xsd"
    xmlns="http://www.loc.gov/MARC21/slim">

  <leader>01696    a2200145   4500</leader>
  <datafield tag="020" ind1=" " ind2=" ">
    <subfield code="a">4901387804</subfield>
  </datafield>
  <datafield tag="082" ind1=" " ind2=" ">
    <subfield code="a">708</subfield>
    <subfield code="b">M685b</subfield>
  </datafield>
  <datafield tag="110" ind1=" " ind2=" ">
    <subfield code="a">Centre for Contemporary Art, Kitakyushu</subfield>
    <subfield code="9">1244</subfield>
  </datafield>
  <datafield tag="245" ind1=" " ind2=" ">
    <subfield code="a">Bridge the gap?</subfield>
    <subfield code="b">Programme Book</subfield>
    <subfield code="c">Center for Contemporary Art, Kitakyushu</subfield>
  </datafield>
  <datafield tag="260" ind1=" " ind2=" ">
    <subfield code="a">Japan</subfield>
    <subfield code="b">CCA, Kitakyushu</subfield>
    <subfield code="c">2001</subfield>
  </datafield>
  <datafield tag="300" ind1=" " ind2=" ">
    <subfield code="a">276 p</subfield>
    <subfield code="b">ill</subfield>
    <subfield code="c">18cm</subfield>
  </datafield>
  <datafield tag="505" ind1=" " ind2=" ">
    <subfield code="t">July 24th. Lectures Olad&#x13E; &#x1CD;jibot.&#x30C; Bamgboy (&#x30C;Unasking) John Casti (An experiment in scientific fiction) Gregory Chaitin (The Unknowable) Carsten Hl&#x332;ler (Doubt) Olafur Eliasson (Seeing yourself sensing) Evelyn Fox Keller (The Century of the Gene) Rem Koolhaas (Junkspace) Sarat Maharaj (on Francisco Varela) Bruce Mau (Branding and Beyond) Saskia Sassen (Global City) Luc Steel (The meaning of Red) Anton Zeilinger (Quantum Teleportation and the Nature of Reality)</subfield>
    <subfield code="t">July 25th Time-Uncertainity-Complexity Gregory Chaitin-Israel Rosenfield-Anton Zeilinger (Complexity in Mathematics, Physics, Biology an Psychology) Arima Akito-Kunitake Toyoki (The Meaning of Self-organisation in Society and Culture) Luc Steels-Otar Eliasson (Colors in disciplines) Ikegami Takashi-Gabriel Orozco (Rule of the Game)</subfield>
    <subfield code="t">July 26 Economical Gaps, New Branding, Global Change Gregory Mau-Saskia Sassen (New Branding) Hsia Chu-Joe - William Lim (Spaces of Heterotopias/Indeterminacy) Rem Koolhas-Mark Leonard (The Future of Politics?) Telephone interview</subfield>
    <subfield code="t">July 27 Gap the Bridge Marina Abramovic-Evelyn Fox Keller (Third Culture) Carsten Hl&#x332;ler-Heike Berhernd (KRAFT/POWER) John Casti-Stefano Boeri (Self-organization) Round Table</subfield>
  </datafield>
  <datafield tag="650" ind1=" " ind2=" ">
    <subfield code="a">Art, science, congress</subfield>
    <subfield code="x">Modern art</subfield>
    <subfield code="x">Congress</subfield>
    <subfield code="x">Abramovic, Marina (1946-?)</subfield>
    <subfield code="y">20 century</subfield>
    <subfield code="9">1245</subfield>
  </datafield>
  <datafield tag="700" ind1=" " ind2=" ">
    <subfield code="a">CCA</subfield>
    <subfield code="9">1246</subfield>
  </datafield>
  <datafield tag="999" ind1=" " ind2=" ">
    <subfield code="c">271</subfield>
    <subfield code="d">271</subfield>
  </datafield>
  <datafield tag="952" ind1=" " ind2=" ">
    <subfield code="0">0</subfield>
    <subfield code="1">0</subfield>
    <subfield code="2">ddc</subfield>
    <subfield code="4">0</subfield>
    <subfield code="7">0</subfield>
    <subfield code="a">LV</subfield>
    <subfield code="b">LV</subfield>
    <subfield code="c">Eventos y Bienales</subfield>
    <subfield code="d">2014-08-14</subfield>
    <subfield code="l">0</subfield>
    <subfield code="o">708 M685b</subfield>
    <subfield code="p">000344</subfield>
    <subfield code="r">2014-08-14 00:00:00</subfield>
    <subfield code="w">2014-08-14</subfield>
    <subfield code="y">01</subfield>
  </datafield>
</record>
